"Décimo aniversario de la Ley de Auditoría de Cuentas" - España (Registro nro. 16814)
[ vista simple ]
| 000 -LEADER | |
|---|---|
| fixed length control field | 00360 a2200109 4500 |
| 001 - CONTROL NUMBER | |
| control field | ART_6805 |
| 005 - DATE AND TIME OF LATEST TRANSACTION | |
| control field | 20260410161719.0 |
| 008 - FIXED-LENGTH DATA ELEMENTS--GENERAL INFORMATION | |
| fixed length control field | 260409a |
| 100 1# - MAIN ENTRY--PERSONAL NAME | |
| Personal name | Gómez Círia, Antonio |
| 245 10 - TITLE STATEMENT | |
| Title | "Décimo aniversario de la Ley de Auditoría de Cuentas" - España |
| 773 0# - HOST ITEM ENTRY | |
| Title | Contabilidad y auditoría |
| Related parts | - Año 4, Nº 8 (dic. 1998) |
| Record control number | REV1723 |
No hay ítems disponibles.